| 000 | 00332nam a2200109Ia 4500 | ||
|---|---|---|---|
| 008 | 180205s9999 xx 000 0 und d | ||
| 020 | _a9781138292192 | ||
| 100 | _aBillinge, Sam | ||
| 245 | 4 | _aThe practical guide to documentary editing techiniques for TV and film / | |
| 260 |
_aNew york : _bRoutledge _c2017 |
||
| 300 | _ax, 228 pages | ||
| 999 |
_c354926 _d354926 |
||